Sports Quiz

Random Sports Quiz

Can you name the Superbowl MVP's Quiz Stats

 Plays Quiz not verified by Sporcle

Support Sporcle.
Go Orange.
Score 0/52 Timer 10:00
0 Plays Today
Hint Answer % Correct
XXXVITom Brady
100%
XXXVIIITom Brady
100%
XLIXTom Brady
100%
LITom Brady
100%
XLIPeyton Manning
95.1%
XLIIEli Manning
92.7%
XLVIEli Manning
92.7%
XXVITroy Aikman
90.2%
XXVIIEmmett Smith
90.2%
XLVIIIMalcolm Smith
90.2%
XIIITerry Bradshaw
87.8%
XIVTerry Bradshaw
87.8%
XVIJoe Montana
87.8%
XIXJoe Montana
87.8%
XXIVJoe Montana
87.8%
XLVAaron Rodgers
87.8%
LVon Miller
87.8%
XXIIIJerry Rice
85.4%
XLIVDrew Brees
85.4%
IBart Starr
82.9%
IIBart Starr
82.9%
XXXIVKurt Warner
82.9%
IIIJoe Namath
80.5%
VIRoger Staubach
80.5%
XXIXSteve Young
80.5%
XXXVRay Lewis
80.5%
Hint Answer % Correct
XXXIIIJohn Elway
78%
XLHines Ward
78%
XLVIIJoe Flacco
75.6%
IXFranco Harris
70.7%
XXIPhil Simms
70.7%
XXXIITerrell Davis
70.7%
XXXLarry Brown
68.3%
XXIIDoug Williams
65.9%
XXXIXDeion Branch
65.9%
XLIIISantonio Holmes
65.9%
IVLen Dawson
63.4%
XXXIDesmond Howard
63.4%
XXXVIIDexter Jackson
63.4%
VIIILarry Csonka
61%
XXVIMark Rypien
61%
XLynn Swann
58.5%
XIIRandy White
58.5%
XVIIJohn Riggins
58.5%
XVIIIMarcus Allen
56.1%
XXRichard Dent
56.1%
XXVOttis Anderson
56.1%
XVJim Plunkett
51.2%
VIIJake Scott
41.5%
XIIHarvey Martin
41.5%
VChuck Howley
36.6%
XIFred Biletnikoff
36.6%

You're not logged in!

Compare scores with friends on all Sporcle quizzes.
OR
Log In

From the Vault

'Star Wars: Episode VIII' Start to Finish

by Thebiguglyalien

All we really remember is the scene where Luke drinks green milk.
Remove Ads.
Support Sporcle.
Get the best of Sporcle when you Go Orange. This ad-free experience offers more features, more stats, and more fun while also helping to support Sporcle. Thank you for becoming a member.

Show Comments

Extras

Created Nov 28, 2017ReportNominate
Tags:MVP, Super Bowl

Top Quizzes Today


Score Distribution

Your Account Isn't Verified!

In order to create a playlist on Sporcle, you need to verify the email address you used during registration. Go to your Sporcle Settings to finish the process.

Report this User

Report this user for behavior that violates our Community Guidelines.

Details: